|
|
|
|
| LEADER |
00000nam1a2200000 4500 |
| 001 |
160688 |
| 005 |
20231031155639.0 |
| 010 |
|
|
|a 5852553093
|
| 035 |
|
|
|a (RuTPU)RU\TPU\book\174271
|
| 090 |
|
|
|a 160688
|
| 100 |
|
|
|a 20090527g1993 m a0rusy5003 ca
|
| 101 |
1 |
|
|a rus
|c fre
|
| 200 |
1 |
|
|a Собрание сочинений
|e В 4 т.
|e пер. с фр.
|f Л. Жаколио
|g худож. Г. Кателли ; сост. М. Секей
|
| 210 |
|
|
|a Москва
|c Терра
|d 1993-
|
| 675 |
|
|
|a 84
|z rus
|v 3
|
| 700 |
|
1 |
|a Жаколио
|b Л.
|g Луи
|4 070
|
| 702 |
|
1 |
|a Кателли
|b Г.
|4 440
|
| 702 |
|
1 |
|a Секей
|b М.
|4 220
|
| 801 |
|
0 |
|a RU
|b RuMRKP
|c 19950413
|g psbo
|
| 801 |
|
1 |
|a RU
|b 63413507
|c 20090527
|g PSBO
|
| 801 |
|
2 |
|a RU
|b 63413507
|c 20090527
|g PSBO
|
| 942 |
|
|
|c BK
|